[Event "Titled Tuesday intern op 06th Dec Early"]
[Site "Chess.com INT"]
[Date "2022.12.06"]
[Round "3"]
[White "Agasarov, Benik"]
[Black "Zhigalko, Sergei"]
[Result "1-0"]
[WhiteElo "2278"]
[BlackElo "2572"]
[PlyCount "111"]
[EventDate "2022.12.06"]
[EventType "swiss (blitz)"]
[EventRounds "11"]
[EventCountry "USA"]
[SourceTitle "Mega2023 Update 06"]
[Source "Chessbase"]
[SourceDate "2022.12.16"]
[SourceVersion "1"]
[SourceVersionDate "2022.12.16"]
[SourceQuality "1"]

1. d4 Nf6 2. c4 e6 3. Nc3 Bb4 4. Nf3 b6 5. Bd2 O-O 6. g3 Bb7 7. Bg2 d6 {7...d6 is better than 7...c5. 7...d6 ist besser als 7...c5.} 8. O-O Nbd7 9. b3 a5 10. Re1 $146 ({Vorgänger:} 10. a3 Bxc3 11. Bxc3 Ne4 12. Bb2 f5 13. d5 e5 14. Nd2 Nxd2 15. Qxd2 Nc5 16. Qc2 a4 17. b4 Nb3 18. Rad1 f4 19. Be4 {0-1 (48) Zherebukh,Y (2595)-Howell,D (2640) Chess.com INT 2016}) 10... Re8 11. a3 Bxc3 12. Bxc3 h6 13. Bb2 Qb8 14. Rc1 Ra7 15. Nh4 Bxg2 16. Nxg2 b5 17. c5 Rd8 18. c6 Nb6 19. e4 d5 20. e5 Nh7 21. Rc5 Qa8 22. Qc2 a4 23. Rxb5 Ng5 24. Re3 Ra6 25. h4 Ne4 26. Kh2 axb3 27. Rexb3 Nc4 28. f3 Ned2 29. R3b4 Nxf3+ 30. Kh3 Rxc6 31. Qb3 Nfd2 32. Qd3 Ne4 33. Qb3 Nxb2 34. Rb8 Rxb8 35. Rxb8+ Qxb8 36. Qxb8+ Kh7 37. Qxb2 Rc3 38. Kh2 Rxg3 39. a4 Rf3 40. a5 Rf2 41. Qxf2 Nxf2 42. a6 c5 43. a7 cxd4 44. a8=Q d3 45. Qa2 Ne4 46. Ne3 d2 47. Nd1 g5 48. hxg5 hxg5 49. Qc2 Kh6 50. Kg2 g4 51. Nf2 d1=Q 52. Qxd1 Nxf2 53. Kxf2 Kg5 54. Kg3 Kf5 55. Qxg4+ Kxe5 56. Qf4# 1-0

[Event "Titled Tuesday intern op 06th Dec Early"]
[Site "Chess.com INT"]
[Date "2022.12.06"]
[Round "4"]
[White "Zhigalko, Sergei"]
[Black "Kim, Sergey2"]
[Result "1-0"]
[WhiteElo "2572"]
[BlackElo "2295"]
[PlyCount "53"]
[EventDate "2022.12.06"]
[EventType "swiss (blitz)"]
[EventRounds "11"]
[EventCountry "USA"]
[SourceTitle "Mega2023 Update 06"]
[Source "Chessbase"]
[SourceDate "2022.12.16"]
[SourceVersion "1"]
[SourceVersionDate "2022.12.16"]
[SourceQuality "1"]

1. e4 e5 2. Nf3 Nc6 3. Bc4 Bc5 4. b4 Bxb4 5. c3 Ba5 6. d4 d6 7. Qb3 Qd7 8. O-O Bb6 9. Nbd2 Na5 10. Qc2 Nxc4 11. Nxc4 exd4 {11...Qc6 is more fashionable. 11...Dc6 ist modischer.} 12. cxd4 Ne7 13. a4 c6 14. e5 Bc7 15. exd6 $146 ({Vorgänger:} 15. Ba3 d5 16. Nd6+ Bxd6 17. exd6 Ng6 18. Rfe1+ Kf8 19. Ne5 Nxe5 20. Rxe5 Kg8 21. Rae1 {1-0 (21) Zhigalko,S (2572)-Kim,S (2295) Chess.com INT 2021}) 15... Bxd6 16. Nxd6+ Qxd6 17. Ba3 Qg6 18. Qb3 b6 19. Rfe1 Be6 20. Qb4 Qf6 21. a5 b5 22. Nd2 Rd8 23. Ne4 Qh4 24. g3 Nd5 25. gxh4 Nxb4 26. Bxb4 Rxd4 27. Bc3 1-0

[Event "Titled Tuesday intern op 06th Dec Early"]
[Site "Chess.com INT"]
[Date "2022.12.06"]
[Round "6"]
[White "Zhigalko, Sergei"]
[Black "Golubev, Mikhail"]
[Result "1-0"]
[WhiteElo "2572"]
[BlackElo "2461"]
[PlyCount "101"]
[EventDate "2022.12.06"]
[EventType "swiss (blitz)"]
[EventRounds "11"]
[EventCountry "USA"]
[SourceTitle "Mega2023 Update 06"]
[Source "Chessbase"]
[SourceDate "2022.12.16"]
[SourceVersion "1"]
[SourceVersionDate "2022.12.16"]
[SourceQuality "1"]

1. e4 c5 2. c3 d5 3. exd5 Nf6 4. Nf3 Nxd5 5. d4 e6 6. Bd3 Nc6 7. dxc5 $5 {[%mdl 4] An interesting side line. Eine interessante Nebenvariante.} Bxc5 8. O-O Qc7 9. Re1 $146 ({Vorgänger:} 9. a3 a5 10. Re1 b6 11. Bc4 Nde7 12. Nbd2 Bb7 13. Ne4 Rd8 14. Qc2 Ne5 15. Bb5+ {1-0 (29) Nilsen,K (1508)-Saether,S (1553) Fredrikstad 2003}) 9... O-O 10. Nbd2 Nf4 11. Ne4 Nxd3 12. Qxd3 Rd8 13. Qc2 Be7 14. Neg5 g6 15. Ne4 Nb4 16. Qe2 Nd3 17. Bg5 Nxe1 18. Rxe1 Bxg5 19. Nfxg5 Qe5 20. f4 Qg7 21. Qb5 h6 22. Nf3 b6 23. Qc6 Rb8 24. Nd6 Bd7 25. Qc7 f6 26. h3 Ba4 27. Qxg7+ Kxg7 28. Rxe6 Rd7 29. Nd4 Rbd8 30. Ne4 f5 31. Ng3 Kf7 32. Re2 Rxd4 33. cxd4 Rxd4 34. Rf2 Bc6 35. b3 Rd1+ 36. Kh2 Rc1 37. Nf1 Rc3 38. Nd2 Rc2 39. a4 Rb2 40. Kg3 Rc2 41. Nc4 Rxf2 42. Kxf2 Ke6 43. Ne5 Bd5 44. b4 a5 45. bxa5 bxa5 46. g3 Bb3 47. Nc6 Bd5 48. Nxa5 Kd6 49. Ke3 Kc5 50. h4 h5 51. Kd3 1-0

[Event "Titled Tuesday intern op 06th Dec Early"]
[Site "Chess.com INT"]
[Date "2022.12.06"]
[Round "7"]
[White "Hristodoulou, Panagiotis"]
[Black "Zhigalko, Sergei"]
[Result "0-1"]
[WhiteElo "2372"]
[BlackElo "2572"]
[PlyCount "100"]
[EventDate "2022.12.06"]
[EventType "swiss (blitz)"]
[EventRounds "11"]
[EventCountry "USA"]
[SourceTitle "Mega2023 Update 06"]
[Source "Chessbase"]
[SourceDate "2022.12.16"]
[SourceVersion "1"]
[SourceVersionDate "2022.12.16"]
[SourceQuality "1"]

1. e4 c5 2. Nf3 Nc6 3. d4 cxd4 4. Nxd4 Nf6 5. Nc3 e5 6. Ndb5 d6 7. Bg5 a6 8. Na3 b5 9. Bxf6 gxf6 10. Nd5 Bg7 11. c3 f5 12. exf5 Bxf5 13. Nc2 Be6 14. Nce3 Ne7 15. g3 Nxd5 16. Nxd5 O-O 17. Bg2 a5 18. O-O Rb8 19. Qd2 {was the old line (19.a3). war die alte Variante (19.a3).} f5 20. Rad1 Kh8 21. f4 e4 22. a3 Qd7 23. Kh1 Qf7 24. Rfe1 $146 ({Vorgänger:} 24. g4 fxg4 25. Bxe4 Qh5 26. Qg2 Bg8 27. f5 Bxd5 28. Rxd5 Be5 29. f6 b4 30. axb4 axb4 {1-0 (38) Chernobay,A (2484)-Zhigalko,S (2572) Chess.com INT 2022}) 24... Rfc8 25. Ne3 d5 26. Nc2 b4 27. axb4 axb4 28. Nxb4 d4 29. cxd4 Rc4 30. d5 Bd7 31. Nc6 Rxb2 32. Qa5 Rcc2 33. Rg1 h6 34. Ne5 Qh5 35. Qd8+ Be8 36. Rde1 Kh7 37. d6 Qh3 38. Qh4 Qxh4 39. gxh4 Rd2 40. Rd1 Bxe5 41. fxe5 Bd7 42. Rxd2 Rxd2 43. Rc1 Kg6 44. Bh3 e3 45. Kg1 Kf7 46. Rc7 Ke6 47. Bxf5+ Kxf5 48. Rxd7 Rd1+ 49. Kg2 e2 50. Rf7+ Ke4 0-1

[Event "Titled Tuesday intern op 06th Dec Early"]
[Site "Chess.com INT"]
[Date "2022.12.06"]
[Round "8"]
[White "Zhigalko, Sergei"]
[Black "Riehle, Marco"]
[Result "1-0"]
[WhiteElo "2572"]
[BlackElo "2358"]
[PlyCount "77"]
[EventDate "2022.12.06"]
[EventType "swiss (blitz)"]
[EventRounds "11"]
[EventCountry "USA"]
[SourceTitle "Mega2023 Update 06"]
[Source "Chessbase"]
[SourceDate "2022.12.16"]
[SourceVersion "1"]
[SourceVersionDate "2022.12.16"]
[SourceQuality "1"]

1. e4 e5 2. Nf3 Nf6 3. Nxe5 Nxe4 4. Qe2 Qe7 5. Qxe4 d6 6. d4 dxe5 7. dxe5 Nc6 8. Nc3 $1 {[%mdl 4] is recently more successful than 8.Bb5. ist inzwischen erfolgreicher als 8.Lb5.} Qxe5 9. Qxe5+ Nxe5 10. Bf4 f6 11. O-O-O Bd7 12. Nb5 O-O-O 13. Bxe5 $146 ({Vorgänger:} 13. Nxa7+ Kb8 14. Nb5 Bc5 15. Bg3 g5 16. Nc3 Bc6 17. Rxd8+ Rxd8 18. h4 g4 19. Rg1 {½-½ (57) Zhigalko,S (2572)-Riehle,M (2353) Chess.com INT 2022}) 13... fxe5 14. Nc3 Bc5 15. Ne4 Bb6 16. Bd3 h6 17. f3 g5 18. Nf6 Bc6 19. Rhe1 Rhf8 20. Bf5+ Kb8 21. Rxd8+ Rxd8 22. Rxe5 Bd4 23. Re6 a6 24. c3 Bg1 25. h3 Bh2 26. Nh5 Be8 27. Rxh6 Bxh5 28. Rxh5 Bf4+ 29. Kc2 Rd2+ 30. Kb3 Rxg2 31. h4 Rh2 32. Rh8+ Ka7 33. h5 Bc1 34. Bc2 Rh3 35. h6 g4 36. h7 gxf3 37. Rf8 f2 38. Rxf2 Bh6 39. h8=Q 1-0

[Event "Titled Tuesday intern op 06th Dec Early"]
[Site "Chess.com INT"]
[Date "2022.12.06"]
[Round "10"]
[White "Laylo, Darwin"]
[Black "Zhigalko, Sergei"]
[Result "0-1"]
[WhiteElo "2435"]
[BlackElo "2572"]
[PlyCount "90"]
[EventDate "2022.12.06"]
[EventType "swiss (blitz)"]
[EventRounds "11"]
[EventCountry "USA"]
[SourceTitle "Mega2023 Update 06"]
[Source "Chessbase"]
[SourceDate "2022.12.16"]
[SourceVersion "1"]
[SourceVersionDate "2022.12.16"]
[SourceQuality "1"]

1. d4 Nf6 2. Nf3 e6 3. g3 b5 4. Bg2 Bb7 5. O-O c5 6. c3 Be7 $1 {6...Be7 scores better than 6...Na6. 6...Le7 punktet besser als 6...Sa6.} 7. a4 b4 8. Nbd2 cxd4 9. cxd4 O-O 10. Re1 d5 11. Nb3 Nbd7 12. Bf4 $146 ({Vorgänger:} 12. a5 Rc8 13. Bf4 Ne4 14. Nfd2 Ndf6 15. Nxe4 dxe4 16. a6 Bd5 17. Nc5 Qb6 18. Bg5 {½-½ (60) Kozak,A (2450)-Repka,C (2534) Teplice 2018}) 12... a5 13. Rc1 Qb6 14. Bc7 Qa6 15. Nxa5 Rfc8 16. Nxb7 Qxb7 17. Bf4 Rxc1 18. Bxc1 b3 19. Nd2 Rb8 20. e4 dxe4 21. Nxe4 Qb4 22. Nc3 Nb6 23. d5 Rd8 24. Bd2 Nc4 25. Ne4 Qxa4 26. dxe6 Nxd2 27. exf7+ Kf8 28. Ng5 Qb4 29. Ne6+ Kxf7 30. Nxd8+ Bxd8 31. Re2 Ba5 32. h3 Qd4 33. g4 Nf3+ 34. Bxf3 Qxd1+ 35. Kg2 Qd6 36. g5 Ne8 37. Re4 Bc7 38. Kf1 g6 39. Rc4 Ng7 40. Rc3 Nf5 41. Rxb3 Nd4 42. Rd3 Qe5 43. Bg4 Bb6 44. Kg2 Qxg5 45. Kf1 h5 0-1

[Event "Titled Tuesday intern op 06th Dec Late"]
[Site "Chess.com INT"]
[Date "2022.12.06"]
[Round "1"]
[White "Jaskolka, Tomasz"]
[Black "Zhigalko, Sergei"]
[Result "0-1"]
[WhiteElo "2188"]
[BlackElo "2572"]
[PlyCount "68"]
[EventDate "2022.12.06"]
[EventType "swiss (blitz)"]
[EventRounds "11"]
[EventCountry "USA"]
[SourceTitle "Mega2023 Update 06"]
[Source "Chessbase"]
[SourceDate "2022.12.16"]
[SourceVersion "1"]
[SourceVersionDate "2022.12.16"]
[SourceQuality "1"]

1. e4 c5 2. Nf3 Nc6 3. Bb5 Nf6 4. e5 Nd5 5. Nc3 Nc7 6. Bxc6 dxc6 7. O-O h6 $5 {[%mdl 4] Leaves trodden paths. Verlässt die ausgetretenen Pfade.} 8. Re1 Bf5 9. d3 Ne6 10. Ne4 g5 11. b3 Bg7 12. Bb2 Qd5 $146 ({Vorgänger:} 12... Rg8 13. Qd2 Qc7 14. Qe3 b6 15. a4 a5 16. Ng3 Bg6 17. Rad1 Rd8 18. h4 g4 {1-0 (58) Domin,Y (1990)-Kislinsky,A (2364) Kiev 2022}) 13. c4 Qd7 14. d4 cxd4 15. Nxd4 Nxd4 16. Qxd4 Qxd4 17. Bxd4 O-O-O 18. Bc3 Rd3 19. Bb4 Bxe5 20. Nc5 Bxa1 21. Nxd3 Bf6 22. Ne5 Be6 23. f3 Rd8 24. Kf2 c5 25. Bc3 Kc7 26. g3 b6 27. f4 gxf4 28. Ba1 Rd2+ 29. Kf3 fxg3 30. hxg3 Rxa2 31. Bc3 Ra3 32. Kf4 Rxb3 33. Ba1 Bg5+ 34. Ke4 f5# 0-1

[Event "Titled Tuesday intern op 06th Dec Late"]
[Site "Chess.com INT"]
[Date "2022.12.06"]
[Round "2"]
[White "Zhigalko, Sergei"]
[Black "Domingo Nunez, Ruben"]
[Result "1-0"]
[WhiteElo "2572"]
[BlackElo "2384"]
[PlyCount "83"]
[EventDate "2022.12.06"]
[EventType "swiss (blitz)"]
[EventRounds "11"]
[EventCountry "USA"]
[SourceTitle "Mega2023 Update 06"]
[Source "Chessbase"]
[SourceDate "2022.12.16"]
[SourceVersion "1"]
[SourceVersionDate "2022.12.16"]
[SourceQuality "1"]

1. e4 c6 2. d4 d5 3. e5 g6 4. Nf3 Bg7 5. Bd3 Bg4 6. Nbd2 f6 7. h3 Be6 8. O-O Nh6 9. Re1 Qd7 10. Nb3 b6 11. Qe2 f5 12. a4 a5 13. Ng5 Nf7 14. Nxe6 Qxe6 15. c4 O-O 16. Nd2 Ng5 17. Nb1 Ne4 18. f3 Ng3 19. Qf2 dxc4 20. Bc2 f4 21. Nc3 Na6 22. Ne4 Nb4 23. Bb1 Rad8 24. Ra3 Nf5 25. Bxf4 Nxd4 26. Ng5 Qc8 27. Be3 Bxe5 28. Nxh7 Nf5 29. Nxf8 Bg3 30. Nxg6 Bxf2+ 31. Bxf2 Nd3 32. Rxe7 Nxf2 33. Kxf2 Rd2+ 34. Ke1 Qd8 35. Bxf5 Rd1+ 36. Kf2 Qd4+ 37. Rae3 Qd2+ 38. Kg3 Qd6+ 39. f4 Rd3 40. Be6+ Qxe6 41. R7xe6 Kf7 42. Rxd3 1-0

[Event "Titled Tuesday intern op 06th Dec Late"]
[Site "Chess.com INT"]
[Date "2022.12.06"]
[Round "3"]
[White "Zhigalko, Sergei"]
[Black "O'Gorman, Tom"]
[Result "1-0"]
[WhiteElo "2572"]
[BlackElo "2376"]
[PlyCount "57"]
[EventDate "2022.12.06"]
[EventType "swiss (blitz)"]
[EventRounds "11"]
[EventCountry "USA"]
[SourceTitle "Mega2023 Update 06"]
[Source "Chessbase"]
[SourceDate "2022.12.16"]
[SourceVersion "1"]
[SourceVersionDate "2022.12.16"]
[SourceQuality "1"]

1. e4 c5 2. Nf3 d6 3. d4 cxd4 4. Qxd4 Nc6 5. Bb5 Bd7 6. Bxc6 Bxc6 7. Nc3 Nf6 8. Bg5 e6 9. O-O-O Be7 10. Rhe1 {10.Qd3 is the hot move. 10.Dd3 ist der hippe Zug.} h6 11. Bh4 Rc8 12. Kb1 Qc7 13. Bxf6 $146 ({Vorgänger:} 13. e5 dxe5 14. Nxe5 O-O 15. Nxc6 Qxc6 16. Qxa7 Qxg2 17. Rg1 Qxh2 18. Bg3 Qh5 19. Qxb7 {0-1 (38) Papayan,O (2253)-O'Gorman,T (2376) Chess.com INT 2022}) 13... Bxf6 14. Qxd6 Bxc3 15. Qxc7 Rxc7 16. bxc3 f6 17. Nd4 Ke7 18. Kb2 Rhc8 19. Re3 Bd7 20. e5 f5 21. h4 Bc6 22. Rg3 Kf7 23. Nxc6 bxc6 24. c4 Rb8+ 25. Rb3 Rcb7 26. Rd6 Rb6 27. Rd7+ Kg6 28. Rxa7 Rb4 29. Re7 1-0

[Event "Titled Tuesday intern op 06th Dec Late"]
[Site "Chess.com INT"]
[Date "2022.12.06"]
[Round "6"]
[White "Zhigalko, Sergei"]
[Black "Sadhwani, Raunak"]
[Result "0-1"]
[WhiteElo "2572"]
[BlackElo "2627"]
[PlyCount "120"]
[EventDate "2022.12.06"]
[EventType "swiss (blitz)"]
[EventRounds "11"]
[EventCountry "USA"]
[SourceTitle "Mega2023 Update 06"]
[Source "Chessbase"]
[SourceDate "2022.12.16"]
[SourceVersion "1"]
[SourceVersionDate "2022.12.16"]
[SourceQuality "1"]

1. e4 c6 2. d4 d5 3. e5 Bf5 4. Nf3 e6 5. Be2 Nd7 6. O-O h6 7. Nbd2 Ne7 8. a4 a5 9. Nb3 Qc7 10. Bd2 g5 11. h4 {11.Rc1 is a critical line. 11.Tc1 ist die kritische Fortsetzung.} g4 12. Ne1 h5 13. Nd3 Ng6 14. Bg5 $146 ({Vorgänger:} 14. g3 f6 15. f3 fxe5 16. fxg4 hxg4 17. Bxg4 e4 18. Nf4 Nxf4 19. Bxf4 Bd6 20. Bg5 Bxg3 {0-1 (45) Sousa,A (2405)-Spraggett,K (2535) Lisbon 2018}) 14... Be7 15. Bxe7 Kxe7 16. g3 f6 17. exf6+ Nxf6 18. Re1 Ne4 19. Kg2 Raf8 20. Qc1 Kd8 21. Qe3 Kc8 22. Rac1 Rhg8 23. Rg1 Nxh4+ 24. gxh4 g3 25. f3 Bh3+ 26. Kxh3 g2 27. f4 Rg3+ 28. Qxg3 Nxg3 29. Kxg3 Rg8+ 30. Kf2 Qe7 31. Rxg2 Qxh4+ 32. Kg1 Rg3 33. Rf1 Qh3 34. Ne1 h4 35. Rf3 Rxg2+ 36. Nxg2 Qf5 37. Nxh4 Qxc2 38. Kf2 b6 39. Ng2 Kc7 40. Ne1 Qxb2 41. Kf1 Qa2 42. Re3 Qxa4 43. Nc2 Qa2 44. Ne1 a4 45. Nc1 Qb2 46. Ncd3 Qxd4 47. Rxe6 a3 48. Ne5 Qxf4+ 49. N1f3 Qc1+ 50. Kg2 a2 51. Nd4 Qg5+ 52. Kf2 Qf4+ 53. Ndf3 a1=Q 54. Rxc6+ Kd8 55. Rd6+ Kc7 56. Rd7+ Kc8 57. Rxd5 b5 58. Rxb5 Qa7+ 59. Kg2 Qg7+ 60. Kf2 Qgg3+ 0-1

[Event "Titled Tuesday intern op 06th Dec Late"]
[Site "Chess.com INT"]
[Date "2022.12.06"]
[Round "8"]
[White "Jarmula, Lukasz"]
[Black "Zhigalko, Sergei"]
[Result "0-1"]
[WhiteElo "2469"]
[BlackElo "2572"]
[PlyCount "46"]
[EventDate "2022.12.06"]
[EventType "swiss (blitz)"]
[EventRounds "11"]
[EventCountry "USA"]
[SourceTitle "Mega2023 Update 06"]
[Source "Chessbase"]
[SourceDate "2022.12.16"]
[SourceVersion "1"]
[SourceVersionDate "2022.12.16"]
[SourceQuality "1"]

1. e4 c5 2. Nf3 Nc6 3. Bb5 Nf6 4. Nc3 Qc7 5. O-O Nd4 6. Re1 a6 7. Bf1 Ng4 8. g3 Nxf3+ 9. Qxf3 Ne5 10. Qe2 e6 11. Bg2 {Recently 11.d3 got a lot of attention. 11.d3 erhält neuerdings viel Aufmerksamkeit.} Be7 12. d3 O-O 13. Bf4 d6 14. a4 Rb8 $146 ({Vorgänger:} 14... b6 15. Qd2 Bb7 16. h3 Bc6 17. Be3 b5 18. f4 Nd7 19. d4 b4 20. Ne2 Nf6 {0-1 (38) Zill,C (2176)-Grawe,C (2246) Rosenheim 2014}) 15. h4 b5 16. axb5 axb5 17. h5 h6 18. Nd1 Bf6 19. Ne3 b4 20. b3 Bd7 21. Rac1 Ra8 22. Ng4 Nxg4 23. Qxg4 e5 0-1

[Event "Titled Tuesday intern op 06th Dec Late"]
[Site "Chess.com INT"]
[Date "2022.12.06"]
[Round "10"]
[White "Rastbod, Ali"]
[Black "Zhigalko, Sergei"]
[Result "0-1"]
[WhiteElo "2350"]
[BlackElo "2572"]
[PlyCount "32"]
[EventDate "2022.12.06"]
[EventType "swiss (blitz)"]
[EventRounds "11"]
[EventCountry "USA"]
[SourceTitle "Mega2023 Update 06"]
[Source "Chessbase"]
[SourceDate "2022.12.16"]
[SourceVersion "1"]
[SourceVersionDate "2022.12.16"]
[SourceQuality "1"]

1. e4 c5 2. Nf3 Nc6 3. Bb5 Nf6 4. e5 Nd5 5. Nc3 Nc7 6. Bxc6 dxc6 7. O-O h6 $5 {[%mdl 4] A promising side line. Eine vielversprechende Nebenvariante.} 8. h3 Bf5 9. Re1 Ne6 10. d3 g5 11. Nh2 Bg7 12. a4 $146 ({Vorgänger:} 12. Bd2 Qc7 13. Nf3 O-O-O 14. a4 Rhg8 15. a5 g4 16. Nh4 Bh7 17. Qxg4 Bxe5 18. Qh5 Bf6 19. Qxf7 Nd4 20. Qxh7 Bxh4 21. Kh1 Nxc2 {½-½ (21) Chandler,M (2551)-Cherniaev,A (2460) Birmingham 2006}) 12... Qc7 13. Ng4 Bg6 14. Ne4 O-O-O 15. a5 h5 16. Ne3 Bxe4 0-1

[Event "Wch Rapid"]
[Site "Almaty"]
[Date "2022.12.26"]
[Round "1"]
[White "Utegaliev, Azamat"]
[Black "Zhigalko, Sergei"]
[Result "1-0"]
[WhiteElo "2415"]
[BlackElo "2612"]
[PlyCount "107"]
[EventDate "2022.12.26"]
[EventType "swiss (rapid)"]
[EventRounds "13"]
[EventCountry "KAZ"]
[SourceTitle "Mega2023 Update 08"]
[Source "Chessbase"]
[SourceDate "2022.12.30"]
[SourceVersion "1"]
[SourceVersionDate "2022.12.30"]
[SourceQuality "1"]

1. e4 c5 2. Nc3 Nc6 3. g3 g6 4. Bg2 Bg7 5. d3 Rb8 6. Nge2 b5 7. O-O b4 8. Nd5 e6 9. Ne3 Nge7 10. f4 d5 11. f5 exf5 12. exd5 Nd4 13. a3 a5 14. axb4 axb4 15. d6 Qxd6 16. Nc4 Qe6 17. Re1 O-O 18. Bf4 Rb7 19. Bd6 Qd7 20. Bxc5 Ne6 21. Bf2 Qc7 22. Qd2 Rd8 23. Ra8 Rb5 24. Ra7 Bb7 25. Na5 Rxa5 26. Rxb7 Qd6 27. Bb6 Raa8 28. Bxd8 Rxd8 29. Qxb4 Nc5 30. Rb5 Ne6 31. Qxd6 Rxd6 32. Rb8+ Bf8 33. b4 Kg7 34. b5 Nd5 35. Bxd5 Rxd5 36. Rb1 Re5 37. Kf1 f4 38. Nxf4 Rf5 39. Kg2 Nxf4+ 40. gxf4 Bd6 41. Rd8 Bc7 42. Rc8 Bxf4 43. b6 Rg5+ 44. Kf3 Bxh2 45. b7 h5 46. b8=Q Bxb8 47. Rcxb8 h4 48. R8b4 Rg3+ 49. Kf2 Rh3 50. Kg2 Rg3+ 51. Kh2 Re3 52. Rg1 h3 53. Re4 Rf3 54. Re2 1-0

[Event "Wch Rapid"]
[Site "Almaty"]
[Date "2022.12.26"]
[Round "2"]
[White "Zhigalko, Sergei"]
[Black "Daneshvar, Bardiya"]
[Result "1/2-1/2"]
[WhiteElo "2612"]
[BlackElo "2419"]
[PlyCount "83"]
[EventDate "2022.12.26"]
[EventType "swiss (rapid)"]
[EventRounds "13"]
[EventCountry "KAZ"]
[SourceTitle "Mega2023 Update 08"]
[Source "Chessbase"]
[SourceDate "2022.12.30"]
[SourceVersion "1"]
[SourceVersionDate "2022.12.30"]
[SourceQuality "1"]

1. e4 c6 2. d4 d5 3. e5 Bf5 4. Nf3 e6 5. Be2 Nd7 6. O-O a5 7. a4 f6 8. Bf4 Ne7 9. exf6 gxf6 10. Nh4 Bg6 11. Bg4 f5 12. Be2 Bf7 13. Bd6 Bg7 14. Nf3 Nf6 15. Be5 Ng6 16. Nbd2 O-O 17. c3 Ne4 18. Bxg7 Kxg7 19. Ne1 Nf4 20. f3 Nd6 21. g3 Qg5 22. Kh1 Nxe2 23. Qxe2 f4 24. Rg1 Bg6 25. gxf4 Qxf4 26. Nd3 Qf5 27. Qe3 Nf7 28. Rg4 Rae8 29. Rag1 e5 30. dxe5 Nxe5 31. Nxe5 Qxe5 32. Qb6 Re7 33. Qxa5 Rf4 34. Qc5 b6 35. Qf2 Rxg4 36. Rxg4 Qe1+ 37. Qxe1 Rxe1+ 38. Rg1 Re2 39. Rg2 Re1+ 40. Rg1 Re2 41. Rg2 Re1+ 42. Rg1 1/2-1/2

[Event "Wch Rapid"]
[Site "Almaty"]
[Date "2022.12.26"]
[Round "3"]
[White "Nogerbek, Kazybek"]
[Black "Zhigalko, Sergei"]
[Result "0-1"]
[WhiteElo "2409"]
[BlackElo "2612"]
[PlyCount "142"]
[EventDate "2022.12.26"]
[EventType "swiss (rapid)"]
[EventRounds "13"]
[EventCountry "KAZ"]
[SourceTitle "Mega2023 Update 08"]
[Source "Chessbase"]
[SourceDate "2022.12.30"]
[SourceVersion "1"]
[SourceVersionDate "2022.12.30"]
[SourceQuality "1"]

1. Nf3 d5 2. e3 Nf6 3. c4 e6 4. Nc3 b6 5. cxd5 exd5 6. b3 Bd6 7. Bb2 O-O 8. Rc1 a6 9. g3 Bb7 10. Bg2 Re8 11. O-O Nbd7 12. Ne2 Rc8 13. d4 Ne4 14. Nf4 a5 15. Nd3 Ba6 16. Re1 Qf6 17. Re2 Qh6 18. Rec2 Ndf6 19. Nfe5 c5 20. Nf4 Bb7 21. Nfd3 Rcd8 22. Ng4 Nxg4 23. Qxg4 Bc8 24. Qd1 Bf5 25. dxc5 bxc5 26. Nxc5 Bxc5 27. Rxc5 Nxf2 28. Qd4 Ng4 29. h4 Nxe3 30. Rc6 Bg6 31. h5 Nf5 32. hxg6 Nxd4 33. gxf7+ Kxf7 34. Rxh6 Ne2+ 35. Kf1 Nxc1 36. Rxh7 Nd3 37. Bc3 Rc8 38. Bxd5+ Kg6 39. Rxg7+ Kh6 40. Bc4 Ne5 41. Bxe5 Rxe5 42. Rd7 Rc6 43. Kg2 Rf6 44. Bd3 Rc6 45. Bc4 Rf6 46. Bd3 Rfe6 47. Kf3 Re7 48. Rd6+ R7e6 49. Rd4 Re1 50. Bc4 Rf6+ 51. Kg2 Ra1 52. Rd2 Kg5 53. a4 Rf5 54. Re2 Rc1 55. Re4 Rc3 56. Be6 Rff3 57. Rg4+ Kf6 58. Bc4 Rfe3 59. Rg8 Kf5 60. Kh3 Re1 61. Ra8 Re5 62. Rd8 Kg5 63. Rg8+ Kf5 64. Kh4 Kf6 65. g4 Ree3 66. g5+ Kf5 67. Rf8+ Kg6 68. Rf6+ Kg7 69. Rf7+ Kg6 70. Rf6+ Kg7 71. Rf5 Re4+ 0-1

[Event "Wch Rapid"]
[Site "Almaty"]
[Date "2022.12.26"]
[Round "4"]
[White "Zhigalko, Sergei"]
[Black "Yilmaz, Mustafa"]
[Result "1-0"]
[WhiteElo "2612"]
[BlackElo "2521"]
[PlyCount "120"]
[EventDate "2022.12.26"]
[EventType "swiss (rapid)"]
[EventRounds "13"]
[EventCountry "KAZ"]
[SourceTitle "Mega2023 Update 08"]
[Source "Chessbase"]
[SourceDate "2022.12.30"]
[SourceVersion "1"]
[SourceVersionDate "2022.12.30"]
[SourceQuality "1"]

1. e4 e5 2. Nf3 Nc6 3. Bb5 a6 4. Ba4 Nf6 5. O-O Nxe4 6. d4 b5 7. Bb3 d5 8. dxe5 Be6 9. Nbd2 Be7 10. Qe2 Nc5 11. Rd1 O-O 12. Nf1 f6 13. Bf4 fxe5 14. Nxe5 Nxe5 15. Bxe5 c6 16. c3 Qd7 17. Bc2 Bg4 18. f3 Bf5 19. Re1 Rae8 20. Bd4 Bxc2 21. Qxc2 Ne6 22. Bf2 Bd6 23. Ng3 Qf7 24. a4 Nf4 25. axb5 axb5 26. Rxe8 Rxe8 27. Kf1 Qg6 28. Qxg6 hxg6 29. Ra6 Rc8 30. Ne2 Nxe2 31. Kxe2 Kf7 32. h3 Ke6 33. Bd4 Rc7 34. Kd3 b4 35. c4 Be5 36. cxd5+ Kxd5 37. Ra5+ c5 38. Bxe5 Kxe5 39. Kc4 Kf4 40. Rxc5 Re7 41. Kxb4 Re2 42. Rc4+ Kf5 43. g4+ Kg5 44. Ka3 Kh4 45. Rc3 Re8 46. b4 Rb8 47. f4 g5 48. fxg5 Kxg5 49. Rb3 Kh4 50. g5 Ra8+ 51. Kb2 Kxg5 52. b5 Kf5 53. Kc3 Ke5 54. b6 Kd6 55. Kd4 Rh8 56. Ke4 Kc6 57. b7 Rb8 58. Kf5 g5 59. Kxg5 Kc7 60. Kg6 Rg8+ 1-0